The heart in health and disease (Record no. 5777)

000 -LEADER
fixed length control field 00525nam a2200193 4500
003 - CONTROL NUMBER IDENTIFIER
control field OSt
005 - DATE AND TIME OF LATEST TRANSACTION
control field 20220621121359.0
008 - FIXED-LENGTH DATA ELEMENTS--GENERAL INFORMATION
fixed length control field 220621b ||||| |||| 00| 0 eng d
020 ## - INTERNATIONAL STANDARD BOOK NUMBER
International Standard Book Number -
040 ## - CATALOGING SOURCE
Transcribing agency ALUPE UNIVERSITY
050 ## - LIBRARY OF CONGRESS CALL NUMBER
Classification number RC681
Item number .V35 1964
100 ## - MAIN ENTRY--PERSONAL NAME
Personal name Vakil, Rustom Jal
245 ## - TITLE STATEMENT
Title The heart in health and disease
260 ## - PUBLICATION, DISTRIBUTION, ETC.
Place of publication, distribution, etc. Bombay:
Name of publisher, distributor, etc. University of Bombay,
Date of publication, distribution, etc. c 1964
300 ## - PHYSICAL DESCRIPTION
Extent xi, 136p.
Other physical details ill. ;
Dimensions 23 cm
500 ## - GENERAL NOTE
General note Includes index
650 ## - SUBJECT ADDED ENTRY--TOPICAL TERM
Topical term or geographic name entry element Heart. Heart -- Diseases. Heart
942 ## - ADDED ENTRY ELEMENTS (KOHA)
Source of classification or shelving scheme
Koha item type Book
Suppress in OPAC AB
Holdings
Withdrawn status Lost status Source of classification or shelving scheme Damaged status Not for loan Permanent Location Current Location Shelving location Date acquired Source of acquisition Total Checkouts Full call number Barcode Date last seen Price effective from Koha item type Public note
          AU LIBRARY AU LIBRARY Open Shelf 21.06.2022 DONATION FROM MOI UNIVERSITY   RC681 .V35 1964 28008033 21.06.2022 21.06.2022 Book AB

Powered by Koha